00311nam a2200109Ia 4500008004100000100002100041245001600062260000900078300003300087440002400120650005700144180117s9999 xx 000 0 und d aby Jullie Y Daza aMedium rare c2017 a18-20 pages, 2017 January 15 aPhilippine Panorama aINFINITY GARDEN AND UNCONVENTIONAL CONVENTION CENTER